000 00758nam a2200253 a 4500
001 9563
003 CO-ViMGA
008 141112s2004 ck r 000 u spa d
040 _aCO-ViMGA
_bspa
_cCO-ViMGA
082 0 4 _a691.3 W116 V.1
100 1 _aJoseph J, Dobrowolski Joseph A.,
_910759
245 1 0 _aManual de la Construcción con concreto
260 _aMexico :
_bMcGraw - Hill,
_c1996 Tomo I
300 _a238p. : il
650 1 4 _aADITIVOS, MEDIOS DE CUADRO
_910760
650 1 4 _aAGREGADOS
_910761
650 1 4 _aCEMENTO
_951369
650 1 4 _aCIMBRA
_910762
650 1 4 _aCONCRETO ARQUITECTONICO
_910763
650 1 4 _aMEZCLAS Y PRUEBAS
_910764
650 1 4 _aPRECOLADO IN SITU
_910765
650 1 4 _aPROPIEDADES DEL CONCRETO
_910766
942 _2ddc
_cBK
999 _c21043
_d21043